01008cam a2200229 a 4500020001800000020001500018040000800033082002600041245017000067246003300237246009100270250001400361260005400375300003300429490010700462650002500569650001500594700001300609942001000622999001700632952012900649 a9787111232308 a7111232305 cHUA04a330 JIX 2008 C152 Or.00a2008 Zhongguo qi ye hong guan huan jing :bqi ye jia vs jing ji xue jia = The macroeconomic environment of Chinese entrepreneurs, 2008 : entrpreneurs vs economists /30aQi ye jia vs jing ji xue jia31aMacroeconomic environment of Chinese entrepreneurs, 2008 :bentrpreneurs vs economists aDi 1 ban. aBeijing Shi :bJi xie gong ye chu ban she,c2008. aix, 369 p. :bill. ;c24 cm.0 aZhongguo qi ye jia diao cha xi tong nian du bao gao =aChina entrepreneurs survey system annual report 0aEconomic forecasting 0aEconomists1 aLi, Lan, cAEDBB c18770d18770 0010406330_000000000000000_JIX_2008_C152_OR70983266aLBCbLBCd2020-01-22eA36281o330 JIX 2008 C152 Or.r2020-01-22yEK